000 00817nam a2200229 a 4500
005 20200104041513.0
008 140221t1978 ck ao fr|||| 000 0 spa d
040 _aCO-BoIAVH
_cCO-BoIAVH
041 0 _aspa
044 _ack
082 0 4 _a584.9
_bH63n
100 1 _aHidalgo López, Oscar
245 1 0 _aNuevas técnicas de construcción con bambú /
_cOscar Hidalgo López; Universidad Nacional de Colombia
260 _aBogotá :
_bUniversidad Nacional de Colombia,
_c1978.
300 _a137 páginas :
_bIlustraciones, fotografías ;
_c25 x 18 cm.
504 _aIncluye referencias bibliográficas: páginas 136-137.
650 1 6 _aBambúes
650 2 6 _aPlantas útiles
650 2 6 _aPlantas para construcción
710 2 _aUniversidad Nacional de Colombia.
942 _cLIBRO
_2ddc
999 _c661
_d661